Poikayil Sreekumaragurudevan athmabhimanathinte veendeduppu: (Record no. 181916)

000 -LEADER
fixed length control field 00498nam a2200157 4500
082 ## - DEWEY DECIMAL CLASSIFICATION NUMBER
Classification number M803
Item number RAT/P
100 ## - MAIN ENTRY--AUTHOR NAME
Personal name Ratheesh Santhipuram
245 ## - TITLE STATEMENT
Title Poikayil Sreekumaragurudevan athmabhimanathinte veendeduppu:
Sub Title Kattanam Santhammayude ormmakal/
Statement of responsibility, etc by Ratheesh Santhipuram
260 ## - PUBLICATION, DISTRIBUTION, ETC. (IMPRINT)
Place of publication Thiruvananthapuram:
Name of publisher Mythri books,
Year of publication 2026.
300 ## - PHYSICAL DESCRIPTION
Number of Pages 280p.
650 ## - SUBJECT ADDED ENTRY--TOPICAL TERM
Topical Term Memoirs Kattanam Santhamma
650 ## - SUBJECT ADDED ENTRY--TOPICAL TERM
Topical Term Memoirs Malayalam
650 ## - SUBJECT ADDED ENTRY--TOPICAL TERM
Topical Term Literature Malayalam
650 ## - SUBJECT ADDED ENTRY--TOPICAL TERM
Topical Term Literature
942 ## - ADDED ENTRY ELEMENTS (KOHA)
Koha item type Book
Holdings
Withdrawn status Lost status Damaged status Not for loan Permanent Location Current Location Shelving location Date acquired Cost, normal purchase price Full call number Accession Number Price effective from Koha item type
        Sree Sankaracharya University of Sanskrit Sree Sankaracharya University of Sanskrit Stacks 01.06.2026 420.00 M803 RAT/P 108896 01.06.2026 Book